Words Containing 'VOY' Quiz Stats

Quiz Updated Mar 13, 2015

Challenge
Share
Tweet
Embed
Score 0/28 Timer 06:00
1 Play Today
Hint Answer % Correct
'Good luck on your journey!'Bon voyage
98.7%
Players attempt to spike the ball in this gamevolleyball
92.7%
Partner of ebonyivory
92.5%
Star Trek seriesVoyager
91.9%
Speedvelocity
90.4%
Triumphvictory
87.6%
Military motorcadeconvoy
86.8%
Diplomat, or a GMC modelenvoy
85.7%
'_____ was kung-fu fighting'everybody
84.5%
Popeye's damsel in distressOlive Oyl
84.1%
Male sterilization procedurevasectomy
82.6%
Peeping Tomvoyeur
80.6%
Restroom on an airplanelavatory
80.4%
Someone who studies Mt. St. Helens or Mt. Vesuvius has an interest in this fieldvolcanology
75.2%
Hint Answer % Correct
Out loudvocally
74.7%
Very tastysavory
72.4%
A building for stargazingobservatory
71.4%
Having psychic powersclairvoyant
71.1%
Organization known for its bell ringers at ChristmastimeSalvation Army
70.8%
One of the rooms in Cluedoconservatory
70.5%
Someone working for the above could be working on this basisvoluntary
69.8%
Goods in stockinventory
67.8%
Lexiconvocabulary
64.4%
Elatedoverjoyed
60.8%
Words often seen next to 'No trespassing' or 'Keep out'private property
46.4%
The ability to throw one's voiceventriloquy
45.3%
He played Charles Xavier in 'X-Men: First Class'(James) McAvoy
43.6%
Dante's magnum opusDivine Comedy
34.3%

You're not logged in!

Compare scores with friends on all Sporcle quizzes.
Sign Up with Email
OR
Log In

You Might Also Like...

Show Comments

Extras

Top Quizzes Today


Score Distribution

Your Account Isn't Verified!

In order to create a playlist on Sporcle, you need to verify the email address you used during registration. Go to your Sporcle Settings to finish the process.